000 01121nam a22002897i 4500
003 DO-SdBNP
005 20241218092822.0
007 ta
008 240708b2024 dr ||||| |||| 00| 0 spa d
020 _a9789945223446
040 _aDO-SdBNP
_bspa
_cBNPHU
_erda
041 _aspa
100 1 _aPeña Fermín, Carlos Manuel,
_d1953-
_eautor
_4aut.
_936272
245 1 0 _aEl vuelo de las grullas sobre el valle de los caídos /
_cCarlos Manuel Peña Fermín ; diseño de cubierta y diagramación, Jesús Alberto de la Cruz ; prólogo, Emmanuel Rodríguez.
264 4 _aSanto Domingo :
_bEditora Búho,
_c©2024.
300 _a152 páginas ;
_c22 cm.
336 _atexto
_btxt
_2rdacontent
337 _asin mediación
_bn
_2rdamedia
338 _avolumen
_bnc
_2rdacarrier
440 0 _aColección El Guabay
_986008
500 _aIncluye datos biográficos del autor en las solapas.
590 _aInventariado, 2024/ LP
700 1 _aRodríguez, Emmanuel,
_eprologuista
_4pr.
_986009
700 1 _aCruz, Jesús Alberto de la,
_ediseño de cubierta y diagramación
_976790
910 _aLoPérez
942 _2ddc
_cLBS1
999 _c57214
_d57214